00935 a2200241 450000500170000000800410001701000330005802000230009102000260011403500130014003500170015303700150017003700210018504000170020608200120022310000220023524502210025726000340047827000920051230000240060450000500062870000150067820090505111354.0090505t xxu||||| |||| 00| 0 eng d aENG-89245 B-309718-731 a8187671688c250.00 a9798187671687c250.00 aEN-72778 aB-309718-731 bDBAD / PUB bWestland Limited adplbEnglish a616.831 aFeinberg, Todd E. aWhat to do when the doctor says it's early-stage Alzheimer's :cby Todd E. Feinberg [and] Winnie Yuball the medical, lifestyle and alternative medicine information you need to stay healthy and prevent progression / aChennaibWestland Booksc2006 a 571, Poonamallee High Road, Kamaraj Bhavan, Aminjikarai,bChennaicTamil Nadue600 020 a282p.c22cm. (pbk) aIncludes bibliographical references and index aYu, Winnie